书目信息 |
| 题名: |
中国转型期商业银行公司治理研究
|
|
| 作者: | 曾康霖 , 高宇辉 著 | |
| 分册: | ||
| 出版信息: | 北京 中国金融出版社 2005 |
|
| 页数: | 258页 | |
| 开本: | 24cm | |
| 丛书名: | 转型期中国金融研究丛书 | |
| 单 册: | ||
| 中图分类: | F832.33 | |
| 科图分类: | ||
| 主题词: | 商业银行--经济管理--研究--中国 , 经济管理 , 商业银行 | |
| 电子资源: | ||
| ISBN: | 7-5049-3851-3 | |
| 000 | 01021oam2 2200289 450 | |
| 001 | 010040029709 | |
| 005 | 20061105112546.00 | |
| 010 | @a7-5049-3851-3@dCNY34.00 | |
| 100 | @a20060117d2005 em y0chiy0110 ea | |
| 101 | 0 | @achi |
| 102 | @aCN@b110000 | |
| 105 | @ak z 000yy | |
| 200 | 1 | @a中国转型期商业银行公司治理研究@9zhong guo zhuan xing qi shang ye yin hang gong si zhi li yan jiu@f曾康霖,高宇辉著 |
| 210 | @a北京@c中国金融出版社@d2005 | |
| 215 | @a258页@d24cm | |
| 225 | 2 | @a转型期中国金融研究丛书 |
| 300 | @a本项目受到西南财经大学“十五”“211”工程资助 | |
| 330 | @a本书内容包括:新制度经济学的缺陷与中国改革、转型中的银行业与银行改革、商业银行公司治理的特殊性、商业银行公司治理的国际经验等。 | |
| 461 | 0 | @12001 @a转型期中国金融研究丛书 |
| 606 | 0 | @a商业银行@x经济管理@x研究@y中国 |
| 606 | 0 | @a经济管理 |
| 606 | 0 | @a商业银行 |
| 690 | @aF832.33@v4 | |
| 701 | 0 | @a曾康霖@9zeng kang lin@4著 |
| 701 | 0 | @a高宇辉@9gao yu hui@4著 |
| 801 | 0 | @aCN@bRENTIAN@c20061105 |
| 905 | @a10447@dF832.33@e29 | |
| 中国转型期商业银行公司治理研究/曾康霖,高宇辉著.-北京:中国金融出版社,2005 |
| 258页;24cm.-(转型期中国金融研究丛书) |
| 本项目受到西南财经大学“十五”“211”工程资助 |
| ISBN 7-5049-3851-3:CNY34.00 |
| 本书内容包括:新制度经济学的缺陷与中国改革、转型中的银行业与银行改革、商业银行公司治理的特殊性、商业银行公司治理的国际经验等。 |
| ● |
| 相关链接 |
|
|
|
|
正题名:中国转型期商业银行公司治理研究
索取号:F832.33/29
 
预约/预借
| 序号 | 登录号 | 条形码 | 馆藏地/架位号 | 状态 | 备注 |
| 1 | 0380512 | 203805123 | 第一样本阅览室/ [索取号:F832.33/29] | 在馆 | |
| 2 | 0380513 | 203805132 | 第一借阅区/ [索取号:F832.33/29] | 在馆 | |
| 3 | 0380514 | 203805141 | 第一借阅区/ [索取号:F832.33/29] | 在馆 | |
| 4 | 0380515 | 203805150 | 第一借阅区/ [索取号:F832.33/29] | 在馆 | |
| 5 | 0380516 | 203805169 | 第一借阅区/ [索取号:F832.33/29] | 在馆 |